Las reglas del diálogo (Record no. 125929)

MARC details
000 -LEADER
campo de control de longitud fija 00847nam a2200217 4500
001 - NÚMERO DE CONTROL
campo de control 125929
003 - IDENTIFICADOR DE NÚMERO DE CONTROL
campo de control ES-MaACL
005 - FECHA Y HORA DE LA ÚLTIMA TRANSACCIÓN
campo de control 20250831074733.0
007 - CAMPO FIJO DE DESCRIPCIÓN FÍSICA--INFORMACIÓN GENERAL
campo de control de longitud fija t|
008 - DATOS DE LONGITUD FIJA--INFORMACIÓN GENERAL
campo de control de longitud fija 070214s1967 sp r ||||1| spa d
110 2# - ENTRADA PRINCIPAL--NOMBRE DE ENTIDAD CORPORATIVA
Nombre de entidad corporativa o nombre de jurisdicción como elemento de entrada Iglesia Católica.
Unidad subordinada Pontificium Consilium pro Laicis
9 (RLIN) 4672
245 14 - MENCIÓN DEL TÍTULO
Título Las reglas del diálogo
Resto del título : criterios propuestos por el Secretariado Pontificio para los No Cristianos /
Mención de responsabilidad, etc. presentación del Cardenal Marella ; traducción Manuel Fernández Hernández.
260 ## - PUBLICACIÓN, DISTRIBUCIÓN, ETC.
Lugar de publicación, distribución, etc. Madrid :
Nombre del editor, distribuidor, etc. Propaganda Popular Católica,
Fecha de publicación, distribución, etc. 1967.
300 ## - DESCRIPCIÓN FÍSICA
Extensión 91 p. ;
Dimensiones 19 cm.
490 1# - MENCIÓN DE SERIE
Mención de serie Col. de Pastoral aplicada ;
Designación de volumen o secuencia 45
700 1# - ENTRADA AGREGADA--NOMBRE PERSONAL
Nombre de persona Marella, Paolo.
9 (RLIN) 76584
700 1# - ENTRADA AGREGADA--NOMBRE PERSONAL
Nombre de persona Fernández Hernández, Manuel.
9 (RLIN) 49844
830 0# - PUNTO DE ACCESO ADICIONAL DE SERIE-TÍTULO UNIFORME
Título uniforme Col. de Pastoral aplicada ;
Designación de volumen o secuencia 45
9 (RLIN) 187165
852 ## - LOCALIZACIÓN
Ubicación ES-MaACL
Número de control de estantería C-33851
Sublocalización o colección R.64530
Holdings
Estatus retirado Estado de pérdida Estado de daño No para préstamo Biblioteca de origen Biblioteca actual Ubicación en estantería Fecha de adquisición Fuente de adquisición Total de préstamos Signatura topográfica completa Código de barras Visto por última vez Precio de reemplazo Tipo de ítem Koha
        Biblioteca del Ateneo de Madrid Biblioteca del Ateneo de Madrid Depósito 2 17/01/2008     C-33851 1131176 23/02/2023 23/02/2023 Libro impreso